000 00295nam a2200109Ia 4500
005 20251222142012.0
008 251222s9999||||xx |||||||||||||| ||spa||
082 _a337.15/C76A
245 0 _aEl Arco del Pacífico Latinoamericano y su Proyección a Asia-Pacífico
264 _bCEPAL
942 _cLIB
999 _c10347
_d10347